000 00709cam a2200229 4500
008 090401t1994 xxu||||| |||| 00| 0 eng d
020 _a0851256252
035 _a(Sirsi) u37498
041 _aeng
050 _a690
110 _aBuilding Research Establishment
245 _aAssessment of existing high alumina cement concrete construction in the UK.
260 _aGarston, Watford
_bBuilding Research Establishment
_c1994
300 _a12p. : ill. ; 30cm.
350 _a0
490 _aBRE Digest
_v392
520 _aSuperceded by BRE Special Digest SD3 (ISBN 186081591X)
650 _aHIGH ALUMINA CEMENT
690 _aBUILT ENVIRONMENT-BUILDING MATERIALS
942 _n0
948 _c04/03/1997
999 _c90488
_d90488